| 000 | 02449nam1a22003011 4500 | ||
|---|---|---|---|
| 001 | v19\rc\2100826 | ||
| 005 | 20101221103926.1 | ||
| 035 | _a(NLR Aleph) 005280712 | ||
| 090 |
_a6095418 _c6095418 |
||
| 100 | _a20090914d1822 |||y0rusy50 ca | ||
| 101 | 1 |
_arus _cfre |
|
| 102 | _aRU | ||
| 105 | _a z ||||| | ||
| 200 | 1 |
_aДостопамятности в мире, или Описание существующих на земле редких произведений природы и искусства, как-то: великолепных или огромных зданий древних и новых времен, гротов, источников, пещер, подземелий, огнедышущих гор, развалин, памятников, воздушных явлений, редких животных, и словом, всего по чему либо достойнаго примечания; _eСочинение, служащее для забавы и научения юношества обоих полов, _fизданное г. Пропиаком. _eПеревод с французскаго. _gС картинами |
|
| 210 |
_aМосква _cВ типографии С. Селивановскаго _d1822 |
||
| 215 | _d12° (18 см) | ||
| 300 | _aПродолж.: Любопытнейшее в мире, или Книга, содержащая в себе описание изящнейших произведений природы и искусства, рассеянных по всей земле | ||
| 321 | 1 | _aСК 1801-1825 2780 | |
| 517 | 0 | _aОписание существующих на земле редких произведений природы и искусства, как-то: великолепных или огромных зданий древних и новых времен гротов, источников, пещер и словом, всего по чему-либо достойного примечания | |
| 700 | 1 |
_aЖирар де Пропиак _bК. Ж. Ф. _f1760-1823 _gКатрин Жозеф Фердинанд _4650 |
|
| 790 | 1 |
_aПропиак _bК. Ж. Ф. Ж. де _f1760-1823 _gКатрин Жозеф Фердинанд Жирар де |
|
| 801 | 0 |
_aRU _bNLR _c20090914 _gpsbo |
|
| 801 | 1 |
_aRU _bProSoft-M _c20090914 _2rusmarc |
|
| 801 | 2 |
_aRU _bNLR _c20101221 _2rusmarc |
|
| 852 |
_aNLR _j18.18.7.37 |
||
| 852 |
_aNLR _j137/193 |
||
| 942 | _cBOOK | ||
| 980 | _aNB | ||